Luka Modrić - Statistics

Estatísticas Gerais
  • Esse quiz foi jogado 78 vezes
  • A pontuação média é 4 de 6
Estatísticas das Respostas
Anos Clubes % Correto
2012- Real Madrid
100%
(Seleção)2006- Croácia
94%
2008-2012 Tottenham
83%
2005-2008 Dínamo Zagreb
76%
2004-2005 Inter Zaprešić
11%
2003-2004 Zrinjski
10%
Nenhum quiz correspondente encontrado
Distribuição das Pontuações
Porcentagem de Pessoas com Cada Pontuação
Percentil de Números Respondidos
Sua Pontuação Histórica
Você não jogou esse quiz